South Americans - sudden death - Statistics

General Stats
  • This quiz has been taken 503 times
  • The average score is 9 of 25
Answers on the Grid
Answers color-coded by a green-red scale on the quiz's grid according to % correct below.
Rafael Nadal
Werner Herzog
Augusto Pinochet
Simón Bolívar
Diego Forlan
Evo Morales
Manuel Belgrano
Roque Santa Cruz
Pele
Reinhold Messner
Jim Jarmusch
Evita Peron
Mike Judge
Mother Teresa
Carlos Alberto
Hugo Sanchez
Pope Francis
Pablo Escobar
Atahualpa
Eddy Grant
Diego Maradona
Kristin Hersh
Max Cavalera
René Higuita
Pocahontas
Edgar Davids
Che Guevara
Lady Diana
Brian McMahan
Lionel Messi
Salvador Dali
Hugo Chavez
Mike Maignan
Imelda Marcos
Matt Jones
Jiang Zemin
Daniel Ortega
Anton Corbijn
Carlos the Jackal
Adolf Eichmann
Manuel Noriega
Clive Lloyd
Jean-Michel Basquiat
Giotto
Carl Hooper
Ben Daughtrey
Hieronymus Bosch
Cynthia Nelson
 
Answer Stats
Answer % Correct
Brazil Pele
81%
Venezuela Simón Bolívar
73%
Colombia Pablo Escobar
67%
Chile Augusto Pinochet
66%
Argentina Evita Peron
61%
Argentina Diego Maradona
58%
Argentina Pope Francis
55%
Argentina Lionel Messi
54%
Argentina Che Guevara
52%
Uruguay Diego Forlan
46%
Bolivia Evo Morales
44%
Venezuela Hugo Chavez
42%
Paraguay Roque Santa Cruz
33%
Brazil Carlos Alberto
31%
Colombia René Higuita
25%
Argentina Manuel Belgrano
24%
Peru Atahualpa
18%
Venezuela Carlos the Jackal
11%
Brazil Max Cavalera
8%
Suriname Edgar Davids
4%
French Guiana Mike Maignan
3%
Guyana Carl Hooper
2%
Guyana Clive Lloyd
2%
Guyana Eddy Grant
2%
Ecuador Mike Judge
2%
No matching quizzes found
Score Distribution
Percent of People with Each Score
Percentile by Number Answered
Your Score History
You have not taken this quiz